<?xml version="1.0" encoding="UTF-8"?>
<record
    xmlns:xsi="http://www.w3.org/2001/XMLSchema-instance"
    xsi:schemaLocation="http://www.loc.gov/MARC21/slim http://www.loc.gov/standards/marcxml/schema/MARC21slim.xsd"
    xmlns="http://www.loc.gov/MARC21/slim">

  <leader>01999nam a2200301 a 4500</leader>
  <controlfield tag="001">77563</controlfield>
  <controlfield tag="003">BD-RjUL</controlfield>
  <controlfield tag="005">20211209083005.0</controlfield>
  <controlfield tag="008">201124s2003    bg ||||| |||| 00| 0 ben d</controlfield>
  <datafield tag="035" ind1=" " ind2=" ">
    <subfield code="a">(BD-RjUL)77789</subfield>
  </datafield>
  <datafield tag="040" ind1=" " ind2=" ">
    <subfield code="a">BD-RjUL</subfield>
    <subfield code="b">ben/eng</subfield>
    <subfield code="c">BD-RjUL</subfield>
    <subfield code="d">BD-RjUL</subfield>
  </datafield>
  <datafield tag="041" ind1=" " ind2=" ">
    <subfield code="a">ben</subfield>
  </datafield>
  <datafield tag="082" ind1=" " ind2=" ">
    <subfield code="2">23</subfield>
    <subfield code="a">305.42095492</subfield>
    <subfield code="b">SHN 2003</subfield>
  </datafield>
  <datafield tag="100" ind1=" " ind2=" ">
    <subfield code="a">&#x9B6;&#x9C7;&#x996;, &#x9AE;&#x9CB;. &#x986;&#x9B2;&#x9C7;&#x995; &#x989;&#x9A6;&#x9CD;&#x9A6;&#x9BF;&#x9A8;</subfield>
    <subfield code="9">242113</subfield>
  </datafield>
  <datafield tag="245" ind1=" " ind2=" ">
    <subfield code="a">&#x9A8;&#x9BE;&#x9B0;&#x9C0;&#x9B0; &#x995;&#x9CD;&#x9B7;&#x9AE;&#x9A4;&#x9BE;&#x9AF;&#x9BC;&#x9A8;, &#x985;&#x982;&#x9B6;&#x997;&#x9CD;&#x9B0;&#x9B9;&#x9A3; &#x993; &#x9A8;&#x9C7;&#x9A4;&#x9C3;&#x9A4;&#x9CD;&#x9AC; :</subfield>
    <subfield code="b">&#x9AA;&#x9CD;&#x9B0;&#x9C7;&#x995;&#x9CD;&#x9B7;&#x9BE;&#x9AA;&#x99F; &#x9AC;&#x9BE;&#x982;&#x9B2;&#x9BE;&#x9A6;&#x9C7;&#x9B6;&#x9C7; &#x9B8;&#x9CD;&#x9A5;&#x9BE;&#x9CD;&#x9A8;&#x9C0;&#x9AF;&#x9BC; &#x9B8;&#x9CD;&#x9AC;&#x9BE;&#x9AF;&#x9BC;&#x9A4;&#x9CD;&#x9A4;&#x9B6;&#x9BE;&#x9B8;&#x9BF;&#x9A4; &#x9B8;&#x9B0;&#x995;&#x9BE;&#x9B0; &#x9AC;&#x9CD;&#x9AF;&#x9AC;&#x9B8;&#x9CD;&#x9A5;&#x9BE; /</subfield>
    <subfield code="c">&#x9AE;&#x9CB;&#x983; &#x986;&#x9B2;&#x9C7;&#x995; &#x989;&#x9A6;&#x9CD;&#x9A6;&#x9BF;&#x9A8; &#x9B6;&#x9C7;&#x996; ;</subfield>
    <subfield code="6">&#x9A4;&#x9A4;&#x9CD;&#x9A4;&#x9CD;&#x9AC;&#x9BE;&#x9AC;&#x9A7;&#x9BE;&#x9AF;&#x9BC;&#x995;: &#x9AE;&#x9CB;&#x9B9;&#x9BE;&#x9AE;&#x9CD;&#x9AE;&#x9A6; &#x986;&#x9AC;&#x9C1;&#x9B2; &#x995;&#x9BE;&#x9B8;&#x9C7;&#x9AE;</subfield>
  </datafield>
  <datafield tag="260" ind1=" " ind2=" ">
    <subfield code="a">&#x9B0;&#x9BE;&#x99C;&#x9B6;&#x9BE;&#x9B9;&#x9C0;:</subfield>
    <subfield code="b">&#x9B0;&#x9BE;&#x9B7;&#x9CD;&#x99F;&#x9CD;&#x9B0;&#x9AC;&#x9BF;&#x99C;&#x9CD;&#x99E;&#x9BE;&#x9A8; &#x9AC;&#x9BF;&#x9AD;&#x9BE;&#x997;, &#x9B0;&#x9BE;&#x99C;&#x9B6;&#x9BE;&#x9B9;&#x9C0; &#x9AC;&#x9BF;&#x9B6;&#x9CD;&#x9AC;&#x9AC;&#x9BF;&#x9A6;&#x9CD;&#x9AF;&#x9BE;&#x9B2;&#x9AF;&#x9BC;,</subfield>
    <subfield code="c">&#x9E8;&#x9E6;&#x9E6;&#x9E9;</subfield>
  </datafield>
  <datafield tag="300" ind1=" " ind2=" ">
    <subfield code="a">x, &#x9E9;&#x9EC;&#x9EC; &#x9AA;&#x9BE;&#x9A4;&#x9BE; :</subfield>
    <subfield code="b">&#x99A;&#x9BF;&#x9A4;&#x9CD;&#x9B0; ;</subfield>
    <subfield code="c">&#x9E8;&#x9EF; &#x9B8;&#x9C7;&#x9AE;&#x9BF;</subfield>
  </datafield>
  <datafield tag="502" ind1=" " ind2=" ">
    <subfield code="a">&#x9A5;&#x9BF;&#x9B8;&#x9BF;&#x9B8; (&#x98F;&#x9AE;. &#x9AB;&#x9BF;&#x9B2;.) -- &#x9B0;&#x9BE;&#x9B7;&#x9CD;&#x99F;&#x9CD;&#x9B0;&#x9AC;&#x9BF;&#x99C;&#x9CD;&#x99E;&#x9BE;&#x9A8; &#x9AC;&#x9BF;&#x9AD;&#x9BE;&#x997;, &#x9B0;&#x9BE;&#x99C;&#x9B6;&#x9BE;&#x9B9;&#x9C0; &#x9AC;&#x9BF;&#x9B6;&#x9CD;&#x9AC;&#x9AC;&#x9BF;&#x9A6;&#x9CD;&#x9AF;&#x9BE;&#x9B2;&#x9AF;&#x9BC;, &#x9E8;&#x9E6;&#x9E6;&#x9E9;</subfield>
  </datafield>
  <datafield tag="504" ind1=" " ind2=" ">
    <subfield code="a">&#x997;&#x9CD;&#x9B0;&#x9A8;&#x9CD;&#x9A5;&#x9AA;&#x99E;&#x9CD;&#x99C;&#x9BF;: &#x9AA;&#x9BE;&#x9A4;&#x9BE; [&#x9E9;&#x9EB;&#x9E6;]-&#x9E9;&#x9EB;&#x9EF;</subfield>
  </datafield>
  <datafield tag="650" ind1=" " ind2=" ">
    <subfield code="a">&#x989;&#x9A8;&#x9CD;&#x9A8;&#x9AF;&#x9BC;&#x9A8;&#x9C7; &#x9A8;&#x9BE;&#x9B0;&#x9C0;</subfield>
    <subfield code="z">&#x9AC;&#x9BE;&#x982;&#x9B2;&#x9BE;&#x9A6;&#x9C7;&#x9B6;</subfield>
    <subfield code="9">242315</subfield>
  </datafield>
  <datafield tag="650" ind1=" " ind2=" ">
    <subfield code="a">Women in development</subfield>
    <subfield code="z">Bangladesh</subfield>
    <subfield code="9">242316</subfield>
  </datafield>
  <datafield tag="650" ind1=" " ind2=" ">
    <subfield code="a">&#x9A8;&#x9BE;&#x9B0;&#x9C0;</subfield>
    <subfield code="x">&#x9B0;&#x9BE;&#x99C;&#x9A8;&#x9C8;&#x9A4;&#x9BF;&#x995; &#x995;&#x9BE;&#x9B0;&#x9CD;&#x9AF;&#x995;&#x9CD;&#x9B0;&#x9AE;</subfield>
    <subfield code="z">&#x9AC;&#x9BE;&#x982;&#x9B2;&#x9BE;&#x9A6;&#x9C7;&#x9B6;</subfield>
    <subfield code="9">242317</subfield>
  </datafield>
  <datafield tag="650" ind1=" " ind2=" ">
    <subfield code="a">Women</subfield>
    <subfield code="x">Political activity</subfield>
    <subfield code="z">Bangladesh</subfield>
    <subfield code="9">242318</subfield>
  </datafield>
  <datafield tag="650" ind1=" " ind2=" ">
    <subfield code="a">&#x9B8;&#x9CD;&#x9A5;&#x9BE;&#x9A8;&#x9C0;&#x9AF;&#x9BC; &#x9B8;&#x9B0;&#x995;&#x9BE;&#x9B0; </subfield>
    <subfield code="z">&#x9AC;&#x9BE;&#x982;&#x9B2;&#x9BE;&#x9A6;&#x9C7;&#x9B6;&#x964;</subfield>
    <subfield code="9">242319</subfield>
  </datafield>
  <datafield tag="650" ind1=" " ind2=" ">
    <subfield code="a">Local government </subfield>
    <subfield code="z">Bangladesh.</subfield>
    <subfield code="9">242320</subfield>
  </datafield>
  <datafield tag="700" ind1=" " ind2=" ">
    <subfield code="a">&#x995;&#x9BE;&#x9B8;&#x9C7;&#x9AE;, &#x9AE;&#x9CB;&#x9B9;&#x9BE;&#x9AE;&#x9CD;&#x9AE;&#x9A6; &#x986;&#x9AC;&#x9C1;&#x9B2;, &#x9A4;&#x9A4;&#x9CD;&#x9A4;&#x9CD;&#x9AC;&#x9BE;&#x9AC;&#x9A7;&#x9BE;&#x9AF;&#x9BC;&#x995; </subfield>
    <subfield code="9">242115</subfield>
  </datafield>
  <datafield tag="942" ind1=" " ind2=" ">
    <subfield code="2">ddc</subfield>
    <subfield code="c">THE</subfield>
  </datafield>
  <datafield tag="999" ind1=" " ind2=" ">
    <subfield code="c">77563</subfield>
    <subfield code="d">77563</subfield>
  </datafield>
  <datafield tag="952" ind1=" " ind2=" ">
    <subfield code="0">0</subfield>
    <subfield code="1">0</subfield>
    <subfield code="2">ddc</subfield>
    <subfield code="4">0</subfield>
    <subfield code="7">1</subfield>
    <subfield code="8">THESES</subfield>
    <subfield code="a">RUCL</subfield>
    <subfield code="b">RUCL</subfield>
    <subfield code="c">Doc/The</subfield>
    <subfield code="d">2004-04-04</subfield>
    <subfield code="e">Controller of Exam., R.U.</subfield>
    <subfield code="l">0</subfield>
    <subfield code="o">BTHE 305.42095492 SHN 2003</subfield>
    <subfield code="r">2020-11-24 00:00:00</subfield>
    <subfield code="t">C-1</subfield>
    <subfield code="w">2021-12-09</subfield>
    <subfield code="y">THE</subfield>
  </datafield>
</record>
